zpět

Detail výsledku týmu

The Pub Praha 2 PO, Praha

Datum a čas kvízu

39.5 Celkem bodů Celkový počet nahraných bodů na tomto kvízu bez doplňovacích otázek.
3. Pořadí na kvízu Konečné umístění týmu na tomto kvízu.

Zaznamenané odpovědi

# Otázka Odpověď Body Výsledky
1. Liberecká pizzerie Pizzaman př... (dubajská) čokoláda 0
2. Cestující, kteří v úterý chtěl... B) Švýcarsko 1
3. 43letý šéfkuchař ukončil na vl... Radek Kašpárek, Jan Punčochář 1
4. V loterii Eurojackpot padla je... ze Švédska 0
5. Minulý týden byly zveřejněny v... (lední) hokej, David Pastrňák 0.5
6. Grónsko sice není zcela suveré... .gl 1
7. Pokud byste chtěli okusit jedn... A 1
8. Že je Grónsko největším ostrov... B 0
9. Které tvrzení o Grónsku je pra... D 1
10. Pod kterým písmenem je snímek... A 1